000 00485nam a2200157Ia 4500
008 151213s9999 xx 000 0 und d
100 _aO. C. Ferrull, John Paul Friedrich, & Linda Ferrell
245 _abusiness Ethics
_cO. C. Ferrull, John Paul Friedrich, & Linda Ferrell
250 _a6th
260 _aNew Delhi
_bBistantra
_c2006
300 _a5766 p.
650 _aBusiness
650 _aBusiness
700 _aO. C. Ferrull, John Paul Friedrich, & Linda Ferrell
999 _c3384
_d3384